000
00234nam a2200097Ia 4500
008
240331s9999 xx 000 0 und d
082
_b
PAR
100
_a
Parameswaran, P.R
245
0
_a
India samuthayathil sathi matha varkkam
942
_c
L
999
_c
2011
_d
2011